The life and times of Jaipal singh munda / (Record no. 169176)

MARC details
000 -LEADER
fixed length control field 00612nam a2200193 4500
005 - DATE AND TIME OF LATEST TRANSACTION
control field 20191107144921.0
010 ## - LCCN (DPL NO)
LC control number ENG-126853
020 ## - INTERNATIONAL STANDARD BOOK NUMBER
International Standard Book Number 9789352669431
Terms of availability 400.00
035 ## - SYSTEM CONTROL NUMBER
System control number EN-110385
037 ## - SOURCE OF ACQUISITION
Source of stock number/acquisition DBAD/PUB
082 ## - DEWEY DECIMAL CLASSIFICATION NUMBER
Classification number 920
100 ## - MAIN ENTRY--PERSONAL NAME
Personal name Kiro, Santosh
245 ## - TITLE STATEMENT
Title The life and times of Jaipal singh munda /
Statement of responsibility, etc by Santosh Kiro
260 ## - PUBLICATION, DISTRIBUTION, ETC. (IMPRINT)
Place of publication, distribution, etc New Delhi
Name of publisher, distributor, etc Prabhat Prakashan
Date of publication, distribution, etc 2018
270 ## - ADDRESS
Address 4/19 Asaf Ali Road,
City New Delhi
Postal code 110002
Electronic mail address prabhatbooks@gmail.com
Telephone number +911123289777
300 ## - PHYSICAL DESCRIPTION
Extent 183p
Dimensions 23cm(Hb)
500 ## - GENERAL NOTE
General note Includes bibliographical references
942 ## - ADDED ENTRY ELEMENTS (KOHA)
Source of classification or shelving scheme Dewey Decimal Classification
Item type English Books
Classification part 920
Call number suffix KIR
Holdings
Withdrawn status Lost status Not for loan Collection code Home library Current library Date acquired Source of acquisition Cost, normal purchase price Full call number Barcode Copy number Cost, replacement price Koha item type
      Non-fiction Sarojini Nagar Sarojini Nagar 07/11/2019 DBAD/PUB 400.00 920 KIR EN-110385 1 400.00 English Books

© Delhi Public Library
Hit Counter
free hit counter